Catálogo de Revistas de Ciencias Sociales y Humanidades: redalyc-clacso /
Kaydedildi:
| Yazar: | |
|---|---|
| Diğer Yazarlar: | , , , |
| Materyal Türü: | Kitap |
| Dil: | Spanish |
| Baskı/Yayın Bilgisi: |
Toluca, México:
REDALYC - UAEM; CLACSO
2015l
|
| Konular: | |
| Etiketler: |
Etiketle
Etiket eklenmemiş, İlk siz ekleyin!
|
MARC
| LEADER | 00000nam a22000007a 4500 | ||
|---|---|---|---|
| 003 | cru CIDCACS/IIS | ||
| 005 | 20240704103942.0 | ||
| 008 | 240703b2015 mx ||||| |||| 00| 0 spa d | ||
| 020 | |a 978-987-722-127-5 | ||
| 040 | |a cru CRAI/IIS |b spa |c cru CIDCACS/IIS | ||
| 090 | |a R 19.02.06 C357c | ||
| 100 | 1 | |a Olvera García, Jorge |9 12213 | |
| 245 | |a Catálogo de Revistas de Ciencias Sociales y Humanidades: |b redalyc-clacso / |c Jorge Olvera García | ||
| 260 | |a Toluca, México: |b REDALYC - UAEM; |b CLACSO |c 2015l | ||
| 300 | |a 440 páginas; |b 15 x 15 centímetros | ||
| 650 | 0 | 0 | |a BIBLIOGRAFIAS |0 TESAUROS |2 TESAUROS |9 297 |
| 650 | 0 | 0 | |a PUBLICACIONES PERIODICAS |9 2583 |
| 650 | 0 | 0 | |a CIENCIAS SOCIALES |9 75 |
| 650 | 0 | 0 | |a HUMANIDADES |9 838 |
| 700 | |a Gentili, Pablo |9 11919 | ||
| 700 | 1 | |a Aguado López, Eduardo |9 12214 | |
| 700 | 1 | |a Babini, Dominique |9 12218 | |
| 700 | 1 | |a Becerril-García, Arianna |9 12219 | |
| 942 | |2 z |c LI |h <script>document.querySelector('[id^="tag_090_subfield_a"]').value</script> |i 18526 |k R 19.02.06 |m C357c |6 SCRIPTDOCUMENTQUERYSELECTORIDTAG_090_SUBFIELD_AVALUESCRIPT_18526 | ||
| 999 | |c 45861 |d 45861 | ||



